| 000 | 00732nam a2200265Ia 4500 | ||
|---|---|---|---|
| 001 | Para_2770 | ||
| 003 | CHAP | ||
| 008 | 220125s1981 xx 000 0 und d | ||
| 010 | _a201228 | ||
| 040 | _cCHAP | ||
| 082 | _aPA 632.7 C7 | ||
| 245 |
_aCRC handbook of pest management in agriculture / _c ed. by David Pimentel |
||
| 260 |
_aBoca Ratón, Fla. : _b CRC |
||
| 300 | _a3 v. | ||
| 440 |
_aCRC Series in agriculture _928861 |
||
| 650 |
_aAgricultura _x Plagas Control de plagas _9165755 |
||
| 700 |
_aPimentel, David _988100 |
||
| 901 | _aPA 632.7 C7 | ||
| 902 | _aA | ||
| 905 | _a0000001981 BOC 0000000000 00 | ||
| 910 | _a1981 | ||
| 942 | _cPARA | ||
| 942 |
_cPARA _d1 |
||
| 999 |
_c201228 _d201228 |
||